| 000 | 005960000a22001210004500 | ||
|---|---|---|---|
| 100 | 1 | _aCadavid Ospina, Iván | |
| 245 | 1 | 0 | _aPablo de Tarso : maestro de la fe |
| 300 | _ano. 26 (2008), p. 7 - 8 | ||
| 520 | _aVale la pena, en medio de tantas carreras por conseguir sabiduria humana, coronas corruptibles, bienes efimeros que se convierten en idolatria, estudiar a este Maestro de la iglesia y disfrutar de su mensaje de esperanza en un mundo nuevo a partir del hombre renovado en Jesucristo. | ||
| 650 | 1 | 4 | _aBIBLIA N.T. - PABLO |
| 773 | 0 | _tRevista universidad católica de oriente | |
| 942 | _cANA | ||
| 999 |
_c62970 _d62970 |
||